| 000 | 00583nam a2200241 a 4500 | ||
|---|---|---|---|
| 001 | nice12345678 | ||
| 003 | IN_TiNIC | ||
| 005 | 20260116011525.0 | ||
| 008 | 050524s1914 lona grp 000 0 eng | ||
| 020 |
_a _c100 |
||
| 082 | 0 | 0 |
_a297.293 _bHEA |
| 100 | _aHeadley, L | ||
| 245 | _aWestern Awakening to Islam | ||
| 260 |
_aLondon _bJ.S.Phillips _c1914 |
||
| 300 | _a145p | ||
| 500 | _aincludes index and biblioraphy | ||
| 505 | 2 | _aacc no 1649 is archives | |
| 650 | _aIslam-Apologetic Works | ||
| 700 | 1 | _aHeadley, L | |
| 902 | _bSRS | ||
| 942 | _cBK | ||
| 999 |
_c2293 _d2293 |
||